000 00587nmc a2200229 a 4500
003 AR-BaBNM
005 20251128211351.0
008 034020s2001 ||||||||||||||000 | spa||
020 _a987-9243-76-5
040 _cAR-BaBNM
100 1 _aRojas, MarĂ­a de los Angeles
245 1 0 _aEn este lugar no se llora
260 _aBuenos Aires
_bEdiciones Simurg
_c2001
300 _a220 p.
490 0 _aNarradoras argentinas
650 4 _aLITERATURA ARGENTINA
650 4 _aLITERATURA CONTEMPORANEA
653 _aNARRATIVA
655 _aLITERATURA
942 _cBK
998 _cmartin
999 _c19363
_d19363